000 00512pab a2200193 454500
008 180718b2007 xxu||||| |||| 00| 0 eng d
100 _aLemos, Sara
245 _aMinimum wage effects across the private and public sectors in Brazil
260 _c2007
300 _ap.700-20.
362 _aMay
650 _aPrivate sector - Brazil
650 _aWages - Brazil
650 _aMinimum wage - Brazil
650 _aMinimum wage
773 _aJournal of Development Studies
908 _aN
909 _a75145
999 _c75145
_d75145